|
|
|
|
| LEADER |
00830nam a2200217 a 4500 |
| 001 |
374180 |
| 008 |
090910s1969 mau b 000 0 eng d |
| 010 |
|
|
|a 78003968
|
| 040 |
|
|
|a DLC
|c DLC
|d DLC
|
| 082 |
0 |
0 |
|a 372.1/3/94
|2 16
|
| 245 |
1 |
0 |
|a Remedial teaching :
|b research and comment.
|c Edited by Wayne Otto and Karl Koenke.
|
| 260 |
|
|
|a Boston,
|b Houghton Mifflin
|c 1969
|
| 300 |
|
|
|a xv, 382 p.
|c 24 cm.
|
| 504 |
|
|
|a Includes bibliographical references.
|
| 541 |
1 |
|
|e 00001503
|
| 650 |
|
0 |
|a Remedial teaching.
|
| 700 |
1 |
|
|a Otto, Wayne.
|
| 700 |
1 |
|
|a Koenke, Karl.
|
| 852 |
4 |
|
|a Ayesha Abed Library
|j General shelf
|
| 999 |
|
|
|c 4150
|d 4150
|
| 952 |
|
|
|0 0
|1 0
|2 ddc
|4 0
|6 372_139400000000000_REM_1969
|7 0
|9 3819
|a BRACUL
|b BRACUL
|c GEN
|d 2009-10-03
|g 0.00
|l 0
|o 372.1394 REM
|p 3010001503
|r 2009-10-03
|t 1
|w 2009-10-03
|y BK
|x No price found in the accession register.
|